000
00323nam a22001337a 4500
008
181023b xxu||||| |||| 00| 0 eng d
020
_a
9781591942016
041
_a
eng
080
_2
5 ED
_a
370
100
_a
37
101
_a
EDU
245
_a
The Steps Advancing College Reading Skills
_c
Langam.J
942
_2
udc
_c
BK
999
_c
50690
_d
50690